| 000 | 00482nam a22001931 4500 | ||
|---|---|---|---|
| 001 | sa 66007098 | ||
| 003 | DLC | ||
| 005 | 20260227112301.0 | ||
| 008 | 740123s1966 ii 00000 eng | ||
| 010 | _asa 66007098 | ||
| 025 | _aPL480:I-E-6624 | ||
| 050 | 0 |
_aDS384 _b.B58 |
|
| 082 | _a954.04 | ||
| 100 | 1 | 0 | _aBiswas, Sukumar. |
| 245 | 1 | 0 | _aThree weeks' war. |
| 260 | 0 |
_aCalcutta, _bM. C. Sarkar _c[1966] |
|
| 300 |
_a122 p. _c22 cm. |
||
| 650 | 0 | _aIndia-Pakistan Conflict, 1965. | |
| 999 |
_c70923 _d70923 |
||